| 000 | 00687nam a2200229 a 4500 | ||
|---|---|---|---|
| 001 | BRCA_7705 | ||
| 005 | 20190320205944.0 | ||
| 008 | 230813s1955----enka######---#000-0#eng-# | ||
| 041 | _aeng | ||
| 044 | _aenk | ||
| 050 | 4 |
_aNK2528 _b.H57 1955 |
|
| 245 | 1 | 0 |
_aA History of English Furniture _cVictoria and Albert Museum. |
| 260 |
_aLondres _bH. M. Stationery Office _c1955 |
||
| 300 |
_a26 p. _bil., 52 láminas _c21 cm. |
||
| 440 | 0 |
_aIts illustrated booklet _v7 _919043 |
|
| 500 | _aU42 | ||
| 650 | 1 | 4 |
_aMuebles ingleses _vHistoria _919044 |
| 650 | 1 | 4 |
_aGalerías y museos _zInglaterra _919045 |
| 710 | 2 |
_aVictoria and Albert Museum (Londres) _919046 |
|
| 902 | _aGFM | ||
| 942 |
_2lcc _cB |
||
| 999 |
_c7379 _d7379 |
||